Probabilistic methods in geotechnical engineering (Record no. 32260)
[ view plain ]
| 000 -LEADER | |
|---|---|
| fixed length control field | 02514nam a2200373Ia 4500 |
| 082 04 - DEWEY DECIMAL CLASSIFICATION NUMBER | |
| Classification number | 519.2/4 |
| 245 00 - TITLE STATEMENT | |
| Title | Probabilistic methods in geotechnical engineering |
| 260 ## - PUBLICATION, DISTRIBUTION, ETC. (IMPRINT) | |
| Place of publication | Washington, D.C. : |
| Name of publisher | National Research Council, |
| Year of publication | 1995. |
| 300 ## - PHYSICAL DESCRIPTION | |
| Number of Pages | xii, 84 p. : |
| Other physical details | ill., charts. |
| 500 ## - GENERAL NOTE | |
| General note | Committee chair: Wilson H. Tang. |
| General note | This project was sponsored by the following agencies: Department of the Army (Army Corps of Engineers-DACW39-92-M-7433), Department of Transportation (Federal Highway Administration), National Science Foundation-MSS-9203139, Department of Energy (Yucca Mountain Project Office). |
| General note | Support was also provided by: Defense Nuclear Agency, Department of the Air Force (Air Force Office of Scientific Research), Department of the Interior (Bureau of Mines and Bureau of Reclamation), Department of Transportation (Federal Transit Administration), Department of Energy (Office of Superconducting Super Collider), Department of the Army (Defense Nuclear Agency), and Nuclear Regulatory Commission. |
| 650 #0 - SUBJECT ADDED ENTRY--TOPICAL TERM | |
| Topical Term | Engineering mathematics. |
| Topical Term | Probability measures. |
| 700 1# - ADDED ENTRY--PERSONAL NAME | |
| Personal name | Tang, Wilson H. |
| 856 40 - ELECTRONIC LOCATION AND ACCESS | |
| Uniform Resource Identifier | http://site.ebrary.com/lib/rucke/Doc?id=10071472 |
No items available.
